Historia del arte de la guerra / (Record no. 108632)

MARC details
000 -LEADER
campo de control de longitud fija 00594nam a2200169 4500
001 - NÚMERO DE CONTROL
campo de control 108632
003 - IDENTIFICADOR DE NÚMERO DE CONTROL
campo de control ES-MaACL
005 - FECHA Y HORA DE LA ÚLTIMA TRANSACCIÓN
campo de control 20230906184657.0
007 - CAMPO FIJO DE DESCRIPCIÓN FÍSICA--INFORMACIÓN GENERAL
campo de control de longitud fija t|
008 - DATOS DE LONGITUD FIJA--INFORMACIÓN GENERAL
campo de control de longitud fija 061121s1969 sp r ||||1| spa d
100 1# - ENTRADA PRINCIPAL--NOMBRE DE PERSONA
Nombre de persona Montgomery, Robert Law, Viscount of Alamein.
9 (RLIN) 82635
245 10 - MENCIÓN DEL TÍTULO
Título Historia del arte de la guerra /
Mención de responsabilidad, etc. Mariscal Montgomery, Vizconde de Alamein ; traducción de Juan García-Puente.
260 ## - PUBLICACIÓN, DISTRIBUCIÓN, ETC.
Lugar de publicación, distribución, etc. Madrid :
Nombre del editor, distribuidor, etc. Aguilar,
Fecha de publicación, distribución, etc. 1969.
300 ## - DESCRIPCIÓN FÍSICA
Extensión 593 p. con 18 lám + 16 lám. col. :
Otras características físicas il ;
Dimensiones 26 cm.
700 1# - ENTRADA AGREGADA--NOMBRE PERSONAL
Nombre de persona García-Puente, Juan.
9 (RLIN) 55139
852 ## - LOCALIZACIÓN
Ubicación ES-MaACL
Número de control de estantería C-37424
Sublocalización o colección R.71194
Holdings
Estatus retirado Estado de pérdida Estado de daño No para préstamo Biblioteca de origen Biblioteca actual Ubicación en estantería Fecha de adquisición Fuente de adquisición Total de préstamos Signatura topográfica completa Código de barras Visto por última vez Precio de reemplazo Tipo de ítem Koha
        Biblioteca del Ateneo de Madrid Biblioteca del Ateneo de Madrid Depósito 2 17/01/2008     C-37424 1113351 23/02/2023 23/02/2023 Libro impreso